Yemen - Régions du Yemen - Statistiques

Statistiques générales
  • Ce quiz a été pris 128 fois
  • Le résultat moyen est 6 sur 21
Réponses sur la Carte
Les réponses sont colorées sur une échelle allant du rouge au vert en fonction du pourcentage des utilisateurs qui les ont devinées à leur premier essai. Vous pouvez retrouver ces pourcentages ci-dessous.
 
Statistiques - réponses
Subdivisions % Correct
Sanaa
97%
Aden
66%
Abyan
31%
'Amran
29%
Hadhramaout
29%
Ibb
29%
Sa'dah
29%
Ad Dali'
26%
Al Bayda'
26%
Al-Hodeïda
26%
Al Jawf
26%
Dhamar
26%
Al-Mahwit
23%
Hajjah
23%
Raymah
23%
Shabwah
23%
Ta'izz
23%
Al-Mahrah
20%
Amanat Al-Asemah
20%
Lahij
20%
Ma'rib
20%
Aucun quiz correspondant
Distribution des résultats
% des personnes avec chaque résultat
Percentile par nombre de réponses
Votre historique - résultats
Vous n’avez pas pris ce quiz